El auge de la Banca privada en Costa Rica (1982-1988): incidencia de la A. I. D. y de factores internos en su desarrollo /
Spremljeno u:
| Glavni autor: | |
|---|---|
| Format: | Disertacija |
| Izdano: |
Costa Rica :
sin editorial
|
| Oznake: |
Dodaj oznaku
Bez oznaka, Budi prvi tko označuje ovaj zapis!
|
MARC
| LEADER | 00000 a a2200000 04500 | ||
|---|---|---|---|
| 001 | 44578 | ||
| 003 | |||
| 040 | |a CRAI/IIS |c CRAI/IIS | ||
| 020 | |a [sin ISBN] | ||
| 022 | |a [sin ISBN] | ||
| 090 | |a 09.04.03 V297a | ||
| 100 | |a Vargas Vargas, José Joaquín | ||
| 245 | |a El auge de la Banca privada en Costa Rica (1982-1988): |b incidencia de la A. I. D. y de factores internos en su desarrollo / |c José Joaquín Vargas Vargas | ||
| 260 | |a Costa Rica : |b sin editorial | ||
| 300 | |a 285 páginas : |b tablas, gráficos | ||
| 502 | |a Tesis (licenciatura)--Universidad de Costa Rica, 1989 | ||
| 999 | |c 17998 |d 17998 | ||
